00674nam a2200181 i 450000100060000000300090000600500170001500700030003200800410003502000180007624502190009426000310031330000220034450000210036670000320038770000410041985200320046046441ES-MaACL20230906161402.0t|030328s1986 sp ||||1| spa d a84-309-1230-400aComentarios a las reformas de nacionalidad y tutela b: Ley 21/1982, de 13 de julio de 1982 y Ley 13/1983, de 24 de octubre de 1983 / cManuel Amorós Guardiola, Rodrigo Bercovitz Rodríguez-Cano (coordinadores). aMadrid : bTecnos, c1986. a871 p. ; c25 cm. aAp. Legislativo.1 aAmorós Guardiola, Manuel.1 aBercovitz Rodríguez-Cano, Rodrigo. aES-MaACLjL-9215 bR.111289